Normal view
MARC view
- London (England)
Entry Geographic Name
001 - CONTROL NUMBER
- control field: 98566
003 - CONTROL NUMBER IDENTIFIER
- control field: NUST
005 - DATE AND TIME OF LATEST TRANSACTION
- control field: 20220829111638.0
008 - FIXED-LENGTH DATA ELEMENTS
- fixed length control field: 220829|| aca||aabn | a|a d
040 ## - CATALOGING SOURCE
- Original cataloging agency: NUST
- Transcribing agency: NUST
151 ## - HEADING--GEOGRAPHIC NAME
- Geographic name: London (England)
- General subdivision: Social life and customs
- Chronological subdivision: 19th century
- General subdivision: Fiction
670 ## - SOURCE DATA FOUND
- Source citation: Work cat.: (NUST)174555: Dickens, Charles, 1812-1870. 12180, Sketches by Boz /, 2004.
